000 00694nam a2200265Ia 4500
003 OSt
005 20221007111028.0
006 a|||||r|||| 00| 0
007 ta
008 221006b |||||||| |||| 00| 0 eng d
024 _a22,398
037 _cTextual
040 _aLCO
_cLCO
_beng
041 _2eng
_aeng
082 _aX724:(Z), M0
100 _aChaturvedi K.
245 0 _aIncome Tax Rulings.V2
260 _aCalcutta
_bEastern Law House India
_c1980
300 _a1028
490 _vVol.- IIII
650 _aINCOME TAX
700 _a Pithisaria S.M.
942 _hX724:(Z), M0
_cTEXL
999 _c1191961
_d1191961